Statistics for Airplanes by Picture

Click here to take the quiz!

General Stats

  • This quiz has been taken 10,513 times
  • The average score is 9 of 13

Answer Stats

Answer% Correct
Boeing 747
96%
Concorde
90%
Airbus A380
87%
B-2 Spirit
84%
SR-71 Blackbird
82%
F-22 Raptor
79%
B-52 Stratofortress
74%
Supermarine Spitfire
71%
{Antonov} AN-225
69%
{Wright} Flyer
59%
{Gulfstream} G550
46%
Mitsubishi A6M Zero
41%
Predator Drone
24%

Score Distribution

Percentile by Number Answered

Percent of People with Each Score

Your Score History

You have not taken this quiz